000 00720nam a2200229Ii 4500
003 JO-AjNU
008 230605s9999||||xx |||||||||||||| ||und||
017 _a2000/9/2602
020 _a9957-07-179-3
040 _aJO-AjNU
_bara
_erda
_cJO-AjNU
041 _aara
050 1 4 _aHA29.5.2000
100 3 _aابوعلي،فاتن عبدالحليم,
_eauthor
_928602
245 0 0 _aمبادىء الاحصاء الوصفي
250 _aط1
264 3 1 _aعمان:دار الفكر للطباعة والنشر والتوزيع،2000
300 _a208ص
336 _atext
_btxt
_2rdacontent
337 _aunmediated
_bn
_2rdamedia
338 _avolume
_bnc
_2rdacarrier
650 4 _aالاحصاء الوصفي
_928603
999 _aA11115
_c14683
_d14683